000
00292nam a22001337a 4500
008
170615b xxu||||| |||| 00| 0 eng d
020
_a
9780442010485
041
_a
eng
080
_a
32
100
_a
19
101
_a
SHP
245
_a
FACING AMERICA'S TRASH
_c
LEVENSON, H
942
_2
udc
_c
BK
999
_c
17648
_d
17648